000
00284nam a22001337a 4500
008
180903b xxu||||| |||| 00| 0 eng d
020
_a
9780735577275
041
_a
eng
080
_a
331
100
_a
58
101
_a
BIZ
245
_a
Business Planning
_c
Maynard
942
_2
udc
_c
BK
999
_c
47492
_d
47492